Opera y drama

Kaydedildi:
Detaylı Bibliyografya
Yazar: Wagner, Wilhelm Richard (Yazar)
Materyal Türü: Kitap
Dil:İspanyolca
Baskı/Yayın Bilgisi: Madrid Akal 2013
Edisyon:1a. ed
Seri Bilgileri:Akal Música, 44
Konular:
Etiketler: Etiketle
Etiket eklenmemiş, İlk siz ekleyin!

MARC

LEADER 00000cam a2200000 a 4500
001 UCC0446
003 CL-VaPUC
008 170811e20130000sp |||||||||||||||||spa|d
020 |a 9788446037453 
082 0 4 |a 781  |b WAG  |2 21 
100 |a Wagner, Wilhelm Richard  |e author  |9 265759 
245 1 0 |a Opera y drama 
250 |a 1a. ed 
300 |a 302 p 
942 |c BK 
945 |d 20170811 15:21:00  |a arojas 
260 |a Madrid  |b Akal  |c 2013 
650 0 |a Teoría musical  |9 265760 
650 7 |a OPERA  |2 CL-VaPUC  |9 594416 
650 0 |a Drama  |9 265034 
583 |a last modification  |c 20170811 15:21:00  |k Rodrigo Vera 
490 0 |a Akal Música, 44 
999 |c 369287  |d 369285 
952 |0 0  |1 0  |3 erd  |4 0  |6 781_000000000000000_WAG_2013  |7 0  |8 ?  |9 484932  |a BIBEDU  |b BIBEDU  |i 541346K  |o 781 WAG 2013  |p 541346K  |r 2023-01-12  |w 2019-11-24  |y BK  |z Catalogado en:20170811  |k MUS